| 000 | 00465nam a2200193Ia 4500 | ||
|---|---|---|---|
| 005 | 20250425162709.0 | ||
| 008 | 250425s9999 xx 000 0 und d | ||
| 041 | _aeng | ||
| 082 | _a639.8 | ||
| 100 | _aSHAW, WILLIAM N | ||
| 245 | 0 | _aPROCEEDINGS OF THE FIRST U.S. JAPAN MEETING ON AQUACULTURE | |
| 250 | _aS.E | ||
| 260 |
_aEstados Unidos _bNOAA _c1974 |
||
| 260 | _aNEW YORK | ||
| 300 | _a133 | ||
| 650 | _aACUACULTURA | ||
| 942 | _c01 | ||
| 010 | _a97384 | ||
| 999 |
_c234596 _d234596 |
||